000 00384nam a2200157 i 4500
001 bg
245 0 _aPhase Transitions-1973. Proceedings of the Conference on...
260 _aNew York :
_bPergamon Press,
_c1973.
020 _a00817955X
040 _cBPK
041 _apol
080 _a536
920 _a0-08-17955-X
942 _cKS
008 s pl f |000 0 pol
999 _c18197
_d18197
856 _uhttp://koha.tu.koszalin.pl/cgi-bin/koha/opac-detail.pl?biblionumber=18197
_yKatalog online BPK